| 000 | 01426cam a2200313 4500 | ||
|---|---|---|---|
| 001 | ABS66437 | ||
| 008 | 030304n2003 000 0 eng u | ||
| 035 | _a(Sirsi) u121488 | ||
| 245 | _aPrescott: more cash and a green light for ALMOs | ||
| 260 | _c2003 | ||
| 490 |
_aHousing Today _v(319) 7 February 2003, 7-11(5) |
||
| 490 |
_aHousing Today _v(320) 14 February 2003, 16-21(6) |
||
| 520 | _aA group of articles reviewing "Sustainable communities: building for the future", the government's communities plan. Covers the key areas of the plan and provides expert commentary on them. Focuses briefly on the Thames Gateway and the East Lancashire market renewal pathfinder. Table showing the funding tranches and where they will be spent. View plan at www.odpm.gov.uk. | ||
| 590 | _aABS | ||
| 650 | _aSUSTAINABLE COMMUNITIES: BUILDING FOR THE FUTURE | ||
| 650 | _aSUSTAINABLE COMMUNITIES | ||
| 650 | _aARM'S LENGTH MANAGEMENT ORGANISATIONS | ||
| 650 | _aCHALLENGE FUND | ||
| 650 | _aREGIONAL HOUSING BOARDS | ||
| 650 | _aAPPROVED DEVELOPMENT PROGRAMME | ||
| 650 | _aHOUSING INVESTMENT PROGRAMME | ||
| 650 | _aSTOCK TRANSFERS | ||
| 650 | _aSOUTHEAST ENGLAND | ||
| 650 | _aTHAMES GATEWAY | ||
| 650 | _aHOUSE BUILDING | ||
| 690 | _aHOUSING-DEVELOPMENT | ||
| 856 |
_uhttps://www.communities.gov.uk/documents/communities/pdf/146289.pdf _zView the item free of charge at www.communities.gov.uk |
||
| 942 | _n0 | ||
| 999 |
_c72199 _d72199 |
||